[Event "Andalucia-chB"]
[Site "Algeciras"]
[Date "2018.05.20"]
[Round "6"]
[White "Parejo Arroyo, Oscar"]
[Black "Montero Melendez, Juan"]
[Result "1/2-1/2"]
[WhiteElo "1476"]
[BlackElo "1621"]
[PlyCount "89"]
[EventDate "2018.05.18"]
[EventType "swiss"]
[EventRounds "6"]
[EventCountry "ESP"]
[SourceTitle "EXT 2020"]
[Source "ChessBase"]
[SourceDate "2019.10.17"]
[SourceVersion "1"]
[SourceVersionDate "2019.10.17"]
[SourceQuality "1"]

1. e4 c6 2. d4 d5 3. exd5 cxd5 4. Nc3 Bf5 5. Bb5+ Nc6 6. Nf3 a6 7. Ba4 b5 8. Bb3 e6 9. 0-0 Bg4 10. Be3 Nf6 11. a4 b4 12. Na2 Na5 13. Nc1 Bd6 14. h3 Bh5 15. c3 bxc3 16. bxc3 Nxb3 17. Nxb3 0-0 18. Nbd2 Rc8 19. Qc2 Bb4 20. c4 Bxd2 21. Nxd2 dxc4 22. Nxc4 Nd5 23. Qd3 Bg6 24. Qb3 Rb8 25. Qa3 Rb4 26. Ne5 Rb6 27. a5 Rb5 28. Rfc1 Ne7 29. Nc6 Nxc6 30. Rxc6 Qa8 31. Rb6 Rb8 32. Rxb8+ Qxb8 33. Rc1 Rb1 34. Qc3 h6 35. Rxb1 Qxb1+ 36. Qc1 Kf8 37. Qxb1 Bxb1 38. Bf4 Ke7 39. Bc7 Kd7 40. Bb6 Bd3 41. f3 Kc6 42. Kf2 Kd5 43. g3 g6 44. Ke3 Bf1 45. h4 1/2-1/2

[Event "Andalucia-chB"]
[Site "Algeciras"]
[Date "2018.05.20"]
[Round "5"]
[White "Parejo Arroyo, Oscar"]
[Black "Morales Cano, Carlos"]
[Result "0-1"]
[WhiteElo "1476"]
[BlackElo "1756"]
[PlyCount "110"]
[EventDate "2018.05.18"]
[EventType "swiss"]
[EventRounds "6"]
[EventCountry "ESP"]
[SourceTitle "EXT 2020"]
[Source "ChessBase"]
[SourceDate "2019.10.17"]
[SourceVersion "1"]
[SourceVersionDate "2019.10.17"]
[SourceQuality "1"]

1. e4 e6 2. d4 d5 3. Nc3 Nf6 4. Bg5 dxe4 5. Nxe4 Nbd7 6. Nf3 Be7 7. Bd3 Nxe4 8. Bxe7 Nxf2 9. Kxf2 Qxe7 10. Qe2 0-0 11. Rag1 Nf6 12. Ne5 Nd5 13. Qf3 Qf6 14. h4 Qxf3+ 15. gxf3 f6 16. Ng4 Bd7 17. h5 Nf4 18. Be4 Be8 19. h6 g6 20. Ne3 c6 21. c3 Nd5 22. Bxd5 exd5 23. Nf5 Kh8 24. Ng7 Kg8 25. Re1 Bd7 26. Re7 Rad8 27. Rhe1 Rf7 28. Kg3 Rxe7 29. Rxe7 Kf8 30. Re1 Kf7 31. f4 Bc8 32. Rf1 Rd7 33. f5 g5 34. Re1 Rc7 35. b4 b6 36. Re8 Bxf5 37. Rh8 Bg6 38. Re8 Be4 39. Rb8 Bg6 40. Ra8 c5 41. bxc5 bxc5 42. dxc5 Ke7 43. Kg4 Rxc5 44. Rxa7+ Kd6 45. Nf5+ Bxf5+ 46. Kxf5 d4+ 47. Kxf6 dxc3 48. Rxh7 c2 49. Rg7 c1Q 50. Rg6 Kd7 51. Rg7+ Kd6 52. Rg6 Qf4+ 53. Kg7+ Ke5 54. h7 Rc7+ 55. Kh6 Qh4# 0-1